| 000 | 01035cam a2200301 i 4500 | ||
|---|---|---|---|
| 001 | bg | ||
| 003 | KOSZ 005 | ||
| 005 | 20210429132414.0 | ||
| 008 | 051128s2005 pl a f f |000 0 pol | ||
| 015 | _aPB 2005/20718 | ||
| 020 | _a8301144831 | ||
| 040 |
_aWA N _cKOSZ 005/HR _dKOSZ 005/HR |
||
| 080 | _a339.138:005.2 | ||
| 080 | _a(075.8) | ||
| 100 | 1 |
_aPomykalski, Andrzej _eAutor |
|
| 245 | 1 | 0 |
_aZarządzanie i planowanie marketingowe / _cAndrzej Pomykalski. |
| 260 |
_aWarszawa : _bWydawnictwo Naukowe PWN, _c2005. |
||
| 300 |
_a217, [1] s. : _bwykr. ; _c24 cm + _edysk optyczny (CD-ROM). |
||
| 380 | _aKsiążki | ||
| 500 | _aU dołu okł.: Plan marketnigowy na CD. | ||
| 504 | _aBibliogr. s. 213-217. | ||
| 658 | _aZarządzanie i marketing | ||
| 655 | 4 | _aPodręczniki akademickie | |
| 650 | 4 | _aMarketing strategiczny | |
| 710 | 2 |
_aWydawnictwo Naukowe PWN _4pbl. |
|
| 856 |
_uhttp://koha.tu.koszalin.pl/cgi-bin/koha/opac-detail.pl?biblionumber=55136 _yKatalog online BPK |
||
| 942 |
_2UKD _cKS |
||
| 999 |
_c55136 _d55136 |
||